000 00603nam a2200241Ia 4500
005 20241129115541.0
008 241129s9999||||xx |||||||||||||| ||und||
020 _a9783030801069
037 _aTB
040 _aSDCL
_beng
_cSDCL
041 _aeng
_2eng
084 _aB398 R1
_qSDCL
100 _aLee John M.
245 0 _aIntroduction to riemannian manifolds
250 _a2nd
260 _aCham
_bSpringer
_c2021
300 _axiii,437p.
365 _aINR
_b0
490 _aGraduate texts in mathematics
650 _aGift
942 _cTB
_hB398 R1
999 _c1230938
_d1230938